| 000 | 00872nam a22002537a 4500 | ||
|---|---|---|---|
| 005 | 20180630171841.0 | ||
| 008 | 110708t xxu||||| |||| 00| 0 eng d | ||
| 010 | _aENG-102933-934 | ||
| 020 |
_c230.00 _a9788124112670(v.1) |
||
| 020 |
_c350.00 _a9788124112694(v.2) |
||
| 035 | _aEN-86466-467, A-130020, B-130019 | ||
| 037 | _bDBAD/PUB | ||
| 040 |
_adpl _bEnglish |
||
| 082 | _a954.02 | ||
| 100 |
_929042 _aChandra, Satish |
||
| 245 |
_aMedieval India : _cby Satish Chandra _bfrom Sultant to the Mughals / |
||
| 250 | _a4th rev. ed | ||
| 260 |
_aNew Delhi _bHar-Anand Publications _c2011 |
||
| 270 |
_aE-49/3, Okhla Industrial Area, Phase-II _bNew Delhi _e110 020 |
||
| 300 | 2 |
_a2V.(288;550)p. _c22cm (pbk) |
|
| 500 | _aIncludes index | ||
| 505 | _av.1-Delhi Sultanat :1206-1526; v.2-Mughal Empire 1526-1748 | ||
| 942 |
_2ddc _cEN _mCHA _h954.02 |
||
| 999 |
_c53644 _d53644 |
||